000 00710nas a2200253 4500
001 BR8903100
003 BR-BrBNA
005 20231205091618.0
007 ta
008 230509b bl.|||p| |||| 00| 00por d
040 _aBR-BrBNA
_bpor
_cBiblioteca Nacional de Agricultura
041 _a(Pt)
072 _aE70; N20
100 1 _aAnon.
245 1 _aDo inverno das vendas para a safra de verao [adubadeira/semeadeira]
650 _aADUBADEIRA
650 _aSEMEADEIRA
650 _aVENDA
650 _aSAFRA
650 _aCOMERCIALIZACAO
773 0 _tGranja (Brazil)
_xISSN 0367-505X
_g(Jun 1989), v. 45(494) p. 43-46
_wBR8903100
909 _a202311
_bLúcia
_c55
_dLúcia Elande
942 _2AGRIS
_n0
_cANA
999 _c126173
_d126173